Complex adaptive systems : (Record no. 29883)
[ view plain ]
| 000 -LEADER | |
|---|---|
| fixed length control field | 00727 a2200193 4500 |
| 020 ## - INTERNATIONAL STANDARD BOOK NUMBER | |
| International Standard Book Number | 0691130965 |
| 020 ## - INTERNATIONAL STANDARD BOOK NUMBER | |
| International Standard Book Number | 9780691130965 |
| 082 ## - DEWEY DECIMAL CLASSIFICATION NUMBER | |
| Classification number | 300.1513 |
| 090 ## - LOCALLY ASSIGNED LC-TYPE CALL NUMBER (OCLC); LOCAL CALL NUMBER (RLIN) | |
| -- | 1270 |
| -- | 1270 |
| 100 1# - MAIN ENTRY--PERSONAL NAME | |
| Personal name | Miller, John H. |
| 245 10 - TITLE STATEMENT | |
| Title | Complex adaptive systems : |
| Remainder of title | an introduction to computational models of social life / |
| Statement of responsibility, etc. | John H. Miller, Scott E. Page. |
| 260 ## - PUBLICATION, DISTRIBUTION, ETC. | |
| Place of publication, distribution, etc. | [S.l.] : |
| Name of publisher, distributor, etc. | Princeton University Press, |
| Date of publication, distribution, etc. | 2007. |
| 300 ## - PHYSICAL DESCRIPTION | |
| Extent | 284 p. ; |
| Dimensions | 24 cm. |
| 490 1# - SERIES STATEMENT | |
| Series statement | Princeton studies in complexity. |
| 700 1# - ADDED ENTRY--PERSONAL NAME | |
| Personal name | Page, Scott E. |
| 830 #0 - SERIES ADDED ENTRY--UNIFORM TITLE | |
| Uniform title | Princeton studies in complexity. |
| 942 ## - ADDED ENTRY ELEMENTS (KOHA) | |
| Institution code [OBSOLETE] | SNS |
| Koha item type | Book |
| Call number prefix | 300.1513 MIL |
| Withdrawn status | Lost status | Damaged status | Not for loan | Permanent Location | Current Location | Date acquired | Total Checkouts | Full call number | Barcode | Date last seen | Price effective from | Koha item type |
|---|---|---|---|---|---|---|---|---|---|---|---|---|
| School of Natural Sciences (SNS) | School of Natural Sciences (SNS) | 05/26/2016 | 300.1513 MIL | SNS0001303 | 05/26/2016 | 05/26/2016 | Book |
